Name a London Borough A-Z - Statistics

General Stats
  • This quiz has been taken 768 times
  • The average score is 8 of 14
Answer Stats
Hint Answer % Correct
K Kensington and Chelsea | Kingston upon Thames
81%
H Hackney | Hammersmith | Haringey | Harrow | Havering | Hillingdon | Hounslow
77%
W Waltham Forest | Wandsworth | Westminster
76%
I Islington
75%
C Camden | Croydon
71%
B Barking | Barnet | Bexley | Brent | Bromley
68%
E Ealing | Enfield
60%
G Greenwich
59%
L Lambeth | Lewisham
56%
R Redbridge | Richmond upon Thames
53%
S Southwark | Sutton
45%
T Tower Hamlets
40%
N Newham
33%
M Merton
32%
No matching quizzes found
Score Distribution
Percent of People with Each Score
Percentile by Number Answered
Your Score History
You have not taken this quiz